| 000 | 00668nam a2200217 i 4500 | ||
|---|---|---|---|
| 001 | 139717 | ||
| 003 | ES-MaACL | ||
| 005 | 20230906195902.0 | ||
| 007 | t| | ||
| 008 | 070214s1971 sp r ||||1| spa d | ||
| 100 | 1 |
_aSchillebeekx, Edward. _9187142 |
|
| 245 | 1 | 3 |
_aLa misión de la Iglesia / _cE. Schillebeekx ; [tradujo Alfonso Ortiz García]. |
| 260 |
_aSalamanca : _bSígueme, _c1971. |
||
| 300 |
_a528 p. ; _c19 cm. |
||
| 490 | 1 |
_aVerdad e Imagen ; _v20 |
|
| 650 | 4 |
_aMisión de la Iglesia. _9165879 |
|
| 700 | 1 |
_aOrtiz García, Alfonso. _987618 |
|
| 830 | 0 |
_aVerdad e Imagen ; _v20 _9182105 |
|
| 852 |
_aES-MaACL _jC-45856 _bR.79592 |
||
| 999 |
_c139717 _d139717 |
||